Corporate Finance Theory and Practice (Record no. 4859)

MARC details
000 -LEADER
fixed length control field 00347nam a2200145Ia 4500
008 - FIXED-LENGTH DATA ELEMENTS--GENERAL INFORMATION
fixed length control field 191201s2008 xx 000 0 und d
082 ## - DEWEY DECIMAL CLASSIFICATION NUMBER
Classification number 658.18DAC
100 ## - MAIN ENTRY--PERSONAL NAME
Personal name DAMODARAN,Aswath
245 #0 - TITLE STATEMENT
Title Corporate Finance Theory and Practice
250 ## - EDITION STATEMENT
Edition statement 2nd
260 ## - PUBLICATION, DISTRIBUTION, ETC. (IMPRINT)
Place of publication, distribution, etc N.Delhi
Name of publisher, distributor, etc Willey India
Date of publication, distribution, etc 2008
300 ## - PHYSICAL DESCRIPTION
Extent 982
650 ## - SUBJECT ADDED ENTRY--TOPICAL TERM
Topical term or geographic name as entry element BBA
942 ## - ADDED ENTRY ELEMENTS (KOHA)
Source of classification or shelving scheme Dewey Decimal Classification
Koha item type Text Books
Holdings
Withdrawn status Lost status Source of classification or shelving scheme Damaged status Not for loan Collection code Home library Current library Date acquired Source of acquisition Cost, normal purchase price Bill Number Total Checkouts Full call number Acc. no. / Barcode Date last seen Date last borrowed Bill Date Koha item type Checked out Public note
    Dewey Decimal Classification     BBA PIET C-LIBRARY PIET C-LIBRARY 29/07/2011 The book company 499.00 IN-858 1 658.15 DAC 17551 15/04/2022 01/04/2022 27/07/2011 Text Books    
    Dewey Decimal Classification     BBA PIET C-LIBRARY PIET C-LIBRARY 29/07/2011 The book company 499.00 IN-858   658.15 DAC 17552 04/12/2019   27/07/2011 Text Books    
    Dewey Decimal Classification     BBA PIET C-LIBRARY PIET C-LIBRARY 29/07/2011 The book company 499.00 IN-858 1 658.15 DAC 17553 22/01/2022 22/01/2022 27/07/2011 Text Books 21/07/2022 .
    Dewey Decimal Classification     BBA PIET C-LIBRARY PIET C-LIBRARY 29/07/2011 The book company 499.00 IN-858   658.15 DAC 17554 04/12/2019   27/07/2011 Text Books    
    Dewey Decimal Classification     BBA PIET C-LIBRARY PIET C-LIBRARY 29/07/2011 The book company 499.00 IN-858   658.15 DAC 17555 04/12/2019   27/07/2011 Text Books    
    Dewey Decimal Classification     BBA PIET C-LIBRARY PIET C-LIBRARY 29/07/2011 The book company 499.00 IN-858   658.15 DAC 17556 04/12/2019   27/07/2011 Text Books    
    Dewey Decimal Classification     BBA PIET C-LIBRARY PIET C-LIBRARY 29/07/2011 The book company 499.00 IN-858 1 658.15 DAC 17557 21/12/2021 14/12/2021 27/07/2011 Text Books    

Design & Developed by: PIET Central Library
R70 Miles Stone Pattikalyana Samalkha Panipat 132102
mail ID :- [email protected], Phone No:- 0180-2569700 Ex.216